| 000 -ლიდერი |
| ფიქსირებული სიგრძის საკონტროლო ველი |
01167nam a2200253Ia 4500 |
| 001 - საკონტროლო ნომერი |
| საკონტროლო ველი |
7109 |
| 003 - საკონტროლო ნომრის იდენტიფიკატორი |
| საკონტროლო ველი |
GE_BSU |
| 005 - ბოლო ოპერაციის თარიღი და დრო |
| საკონტროლო ველი |
20230926125620.0 |
| 008 - ფიქსირებული სიგრძის მონაცემთა ელემენტები - ზოგადი ინფორმაცია |
| ფიქსირებული სიგრძის საკონტროლო ველი |
181216s2011||||ge |||||||||||||| ||geo|| |
| 020 ## - წიგნის საერთაშორისო სტანდარტული ნომერი |
| International Standard Book Number |
9789941194252 |
| 040 ## - კატალოგიზაციის წყარო |
| Transcribing agency |
GE_BSU |
| 041 ## - ენის კოდი |
| Language code of text/sound track or separate title |
geo |
| 080 ## - უნივერსალური ათობითი კლასიფიკაციის ინდექსი |
| Universal Decimal Classification number |
821.353.1+821.353.1-32 რ-98 |
| 100 ## - მთავარი ჩანაწერი - პიროვნების სახელი |
| Personal name |
რჩეულიშვილი, გურამ |
| 9 (RLIN) |
19923 |
| 245 ## - ცნობა სათაურის შესახებ |
| Title |
მოთხრობები : 1957 წელი ტ. 2 : |
| Remainder of title |
პროზა / |
| Statement of responsibility, etc |
გურამ რჩეულიშვილი ; შემდგ. მარინე რჩეულიშვილი ; სარედ. ჯგ. : ზურაბ აბაშიძე, მანანა ჯანელიძე, ირმა ხარშილაძე. |
| 264 ## - წარმოების, გამოცემის, დისტრიბუციის და სხვა ცნობები |
| გამოცემის, წარმოების, დისტრიბუციის... ადგილი |
თბილისი : |
| გამოცემის, წარმოების, დისტრიბუციის... სახელწოდება |
პალიტრა L, |
| გამოცემის, წარმოების, დისტრიბუციის... თარიღი |
2011. |
| 300 ## - ფიზიკური აღწერა |
| Extent |
368 გვ. ; |
| Dimensions |
20 სმ. |
| 490 ## - სერიის ცნობა |
| Series statement |
ჩემი რჩეული |
| Volume number/sequential designation |
ტ. 33 |
| International Standard Serial Number |
ISSN : 2233-3037 |
| 653 ## - INDEX TERM--UNCONTROLLED |
| Uncontrolled term |
მოთხრობები |
| 653 ## - INDEX TERM--UNCONTROLLED |
| Uncontrolled term |
პროზა |
| 700 ## - ADDED ENTRY--PERSONAL NAME |
| Personal name |
რჩეულიშვილი, მარინე |
| Relator term |
შემდგენელი |
| 9 (RLIN) |
19925 |
| 942 ## - ADDED ENTRY ELEMENTS (KOHA) |
| Koha item type |
წიგნი |
| Source of classification or shelving scheme |
|